000 00604nam a2200241Ia 4500
003 OSt
005 20221007100644.0
006 a|||||r|||| 00| 0
007 ta
008 221006b |||||||| |||| 00| 0 eng d
024 _a4,851
037 _cTextual
040 _aLCO
_cLCO
_beng
041 _2eng
_aeng
082 _aZ3,5112, M4
100 _aDELL S
_9701936
245 0 _aMurder into manslaughter
260 _aOxford
_bOxford Uni. Press
_c1984
300 _a79
650 _aCRIMINAL LAW
_9601958
942 _hZ3,5112, M4
_cTEXL
999 _c1174414
_d1174414